00490 2200169 4500001002100000005001500021008004100036020002200077035001900099041000700118082001000125090001600135100006200151245004000213260003400253300003300287INLIS00000000001116820241224114130241224||||||||| | ||| |||| || |  a978-979-3784-60-1 0010-1224011168 aid0 a005.5 a005.5 PRA p0 aPrabowo pudjo widodo,Rahmadya Trias handayanto ,Herlawati00aPENERAPAN DATA MINING DENGAN MATLAB aBandungbRekayasa Sainsc2013 a190 hlm,;ilus.;15 cm x 24 cm